Darovanie - jeden zo spôsobov prevodu nehnuteľností

Darovanie rodinného domu. Ilustrácia na konkrétnom prípade. Nevyhnutné podklady na prevod rodinného domu. Vzor darovacej zmluvy. Daňové povinnosti spojené s darovaním.

Salvato in:
Dettagli Bibliografici
Autore principale: Nováková, Helena
Natura: Capitolo di libro
Lingua:slovacco
Soggetti:
Tags: Aggiungi Tag
Nessun Tag, puoi essere il primo ad aggiungerne!!

MARC

LEADER 00000naa a2200000 4500
001 r032496
005 20230919081253.1
041 0 |a slo 
044 |a SK 
245 1 0 |a Darovanie - jeden zo spôsobov prevodu nehnuteľností  |c Helena Nováková 
520 |a Darovanie rodinného domu. Ilustrácia na konkrétnom prípade. Nevyhnutné podklady na prevod rodinného domu. Vzor darovacej zmluvy. Daňové povinnosti spojené s darovaním. 
610 2 0 |a dary 
610 2 0 |a nehnuteľnosti 
610 2 0 |a zmluvy 
610 2 0 |a povinnosť daňová 
610 2 0 |a dane z darovania 
100 1 |a Nováková, Helena